Statystyki dla 10 najrzadziej zaludnionych krajów

Kliknij tutaj aby rozwiązać quiz!

Ogólne statystyki

  • Ten quiz został rozwiązany 54 razy
  • Średni wynik to 5 z 10

Statystyki odpowiedzi

Gęstość zaludnieniaOdpowiedź% Poprawnych
3,3 os./km²Kanada
90%
1,7 os./km²Mongolia
80%
2,6 os./km²Australia
78%
2,7 os./km²Islandia
61%
2,8 os./km²Mauretania
41%
2,3 os./km²Namibia
39%
3,1 os./km²Libia
33%
2,6 os./km²Botswana
31%
3,3 os./km²Gujana
22%
2,7 os./km²Surinam
22%

Rozkład punktacji

Percentyl według liczby udzielonych odpowiedzi

Procent ludzi z każdym wynikiem

Twoja historia wyników

Nie rozwiązałeś tego quizu